الفوضي : (Record no. 6519)
[ view plain ]
| 000 -الفاتح | |
|---|---|
| حقل البيانات ثابتة الطول | 00674nac a22001691u 4500 |
| 008 - عناصر البيانات ثابتة الطول - معلومات عامة | |
| حقل البيانات ثابتة الطول | 080813s2000 ts|||||r|||| 000 0 ara d |
| 082 ## - رقم تصنيف ديوى العشرى | |
| رقم التصنيف | 003 |
| رقم المادة | ج ل ي |
| رقم الطبعة | 22 |
| 110 ## - المدخل الرئيسى - إسم هيئة | |
| اسم الهيئة أو اسم السلطة كمدخل | Al Mogamaa Al Thakafey |
| 9 (RLIN) | 16338 |
| 245 ## - بيان العنوان | |
| العنوان | الفوضي : |
| بقية العنوان | صنع علم جديد / |
| بيان المسئوليه,etc | جيمس جليك ; ترجمة سامي الشاهد . |
| 260 ## - PUBLICATION, DISTRIBUTION, ETC. (IMPRINT) | |
| مكان الناشر او الموزع | أبو ظبي : |
| اسم الناشر او الموزع | المجمع الثقافي ,2000. |
| تاريخ النشر أو التوزيع | 2000. |
| 300 ## - الوصف المادى | |
| التعداد | 395 ص.; |
| تفاصيل ماديه اخرى للوعاء | ايض ; |
| أبعاد الوعاء | 24 سم. |
| 500 ## - تبصرة عامة | |
| تبصرة عامة | ترجمة لكتاب Chaos by James Gleick |
| 511 ## - | |
| -- | Catalogued by: Sara |
| 541 ## - تبصرة المصدر المباشر للتزويد | |
| مصدر التزويد | مكتبة الاسكندرية ؛ |
| طريقة التزويد | إهداء؛ |
| 650 ## - المدخل الاضافى بالموضوع-مصطلح موضوعى | |
| مصطلح موضوعي أو اسم جغرافي كعنصر مدخل | العلوم - تاريخ |
| 9 (RLIN) | 8638 |
| 942 ## - عناصر المدخل الإضافي( كوها) | |
| Koha [default] item type | Book - Borrowing |
| سابقة رقم الطلب | 003 ج ل ي |
| مصدر التصنيف او مخطط الترفيف | Dewey Decimal Classification |
| حالة التراجع | حالة الفقد | مصدر التصنيف او خطة الترفيف | حالة تلف | ليس للاعارة | مجموعات كوها | المكان الدائم | المكان الحالي | موقع الترفيف | تاريخ الاكتساب | Source of acquisition | رقم الاستدعاء | الباركود | Date last seen | مُعار | نوع الوعاء |
|---|---|---|---|---|---|---|---|---|---|---|---|---|---|---|---|
| Dewey Decimal Classification | Central Library | Central Library | Lower Floor | 26/11/2007 | Donation | 003 جلي | 000007955 | 15/07/2025 | 12/02/2013 | Book - Borrowing |